000 00335nam a2200121Ia 4500
008 190216s9999||||xx |||||||||||||| ||und||
100 _aVenkataraman R
245 0 _a"Pulse,Digital Circuits And Computer Fundamentals"
260 _bDhanpat Rai
_c1989
300 _a6.109p
650 _a"Computer Programming. Programs, Data"
942 _cBK
999 _c8337
_d8337